| 000 | 00493nam a2200181Ia 4500 | ||
|---|---|---|---|
| 001 | 43486 | ||
| 008 | 140425s9999 xx 000 0 und d | ||
| 020 | _aNA | ||
| 040 | _cPK-LaUMT | ||
| 082 |
_aRHC 891.4398 _bABD-J |
||
| 100 | _aAbdul Aziz Sahir | ||
| 245 |
_aJamil ud Din Ali ki nasarnigaari (Urdu) _cAbdul Aziz Sahir |
||
| 260 |
_aLahore,Pakistan: _bPakistan Writers Cooprative Society, _c1993 |
||
| 300 | _a152 p. | ||
| 546 | _aUR | ||
| 650 | _aPakistani literature-Urdu | ||
| 942 | _cBK | ||
| 999 |
_c41496 _d41496 |
||